US Cities containing "SON" - Statistics

General Stats
  • This quiz has been taken 50 times
  • The average score is 3 of 8
Answer Stats
Answer % Correct
Jackson
87%
Jacksonville
69%
Madison
56%
Tucson
53%
Henderson
13%
Paterson
2%
Richardson
2%
Edison
0%
No matching quizzes found
Score Distribution
Percent of People with Each Score
Percentile by Number Answered
Your Score History
You have not taken this quiz